000 00725cam a2200145 4500500
005 20260208010423.0
041 _afre
042 _adc
100 1 0 _aMoeglin, Jean-Marie
_eauthor
245 0 0 _aEduard HLAWITSCHKA, Konradiner-Genealogie, unstatthafte Verwandtenehen und spätottonisch-frühsalische Thronbesetzung. Ein Rückblick auf 25 Jahre Forschungsdisput, Hanovre, Hahnsche Buchhandlung, 2003; 1 vol. in-8°, XX-220 p. (M.G.H., Studien und Texte, 32). ISBN : 3-7752-5732-2. Prix : €30,00.
260 _c2005.
500 _a1
786 0 _nLe Moyen Age | CXI | 2 | 2005-09-01 | p. XLVII-XLVII | 0027-2841
856 4 1 _uhttps://shs.cairn.info/revue-le-moyen-age-2005-2-page-XLVII?lang=fr&redirect-ssocas=7080
999 _c1656444
_d1656444